000 00483ngm a2200181 i 4500
001 C2-0329561
003 PPAK
005 20180727222155.0
008 141222s my |||| ||||| | vlmay d
040 _aPPAK
_beng
_cPPAK
_erda
245 1 0 _aKembara buku
264 1 _aKuala Lumpur :
_bPerpustakaan Negara Malaysia ,
336 _2rdacontent
_atext
337 _2rdamedia
_aunmediated
338 _2rdacarrier
_avolume
700 0 _aAbu Hassan Morad,
_ecompile
942 _2ddc
_cDVD
999 _c167610
_d167610